000 00854nam a2200277Ia 4500
003 GCL
008 140319s9999 xx 000 0 ara d
020 _a?059270977
040 _aGCL /
_cGCL
082 0 4 _aق
_b953.0962
_bر و
100 1 _aرفعت موسى محمد
245 1 0 _aالوكالات والبيوت الاسلامية فى مصر العثمانية /
_cرفعت موسى محمد
260 _aالقاهرة :
_bالدار المصرية اللبنانية ،
_c1993
300 _a421 ص:
_bايض ؛
_c24 سم
490 _a
650 0 4 _aمصر
650 0 4 _aالفنادق
650 0 4 _aتاريخ
650 0 4 _aالتجارة
650 0 4 _aالاسواق
650 0 4 _aالاثار الاسلامية
650 0 4 _aالمنازل
650 0 4 _aاوقاف
650 0 4 _aالفن الاسلامى
942 _2ddc
_cBK
999 _c57878
_d57878